| 000 | 02330cam a22004694i 4500 | ||
|---|---|---|---|
| 003 | PE-LiUPU | ||
| 005 | 20250731172913.0 | ||
| 008 | 150617s1956 xxu r 000 0 eng d | ||
| 035 | _a(Sirsi) a16973 | ||
| 040 |
_aPE-LiUPU _bspa _cPE-LiUPU _erda |
||
| 049 | _aPRUA | ||
| 082 | 0 | 4 |
_a286.7 _bR32 _221 |
| 100 | 1 |
_aRebok, Denton Edward, _eautor. |
|
| 245 | 1 | 0 |
_aBelieve his prophets / _cDenton Edward Rebok. |
| 264 | 1 |
_aWashington, D.C. : _bThe Review and Herald Publishing Association, _c1956. |
|
| 300 |
_a320 páginas ; _c17 centímetros |
||
| 336 |
_atext _2rdacontent |
||
| 337 |
_aunmediated _2rdamedia |
||
| 338 |
_avolume _2rdacarrier |
||
| 505 | 0 | _aThe kind of people God wants -- Three basic concepts of christianity -- Channels of communication between God and man -- Accepting or rejecting the prophets -- The Gift of prophecy in the Advent movement -- Four Bible tests of true prophet -- Evidences that Ellen G. White was used by God -- God revealed secrets through Ellen G. White -- The witness of contemporaries -- The relation of Ellen G. White to the Bible -- Ellen G. White's attitude toward her own writings -- Ellen G. White's message on health -- Ellen G. White's message on dress -- What manner of persons ought we to be? -- My attitude on the life and work of Ellen G. White. | |
| 526 | _aSEG42 | ||
| 526 | _aSEG41 | ||
| 526 | _aSEG40 | ||
| 526 | _aSEG39 | ||
| 526 | _aP94 | ||
| 526 | _aP87 | ||
| 526 | _aP86 | ||
| 526 | _aP85 | ||
| 526 | _aP77 | ||
| 526 | _aP76 | ||
| 526 | _aP35 | ||
| 600 | 1 |
_aWhite, Elena G. de. _d1827-1915 |
|
| 910 |
_ajck _bjvq _cjck _d20150616 |
||
| 942 |
_2ddc _cBOOK |
||
| 949 |
_a286.7 R32 _wDEWEY _c1 _i06060 _lCCODEBUL1 _mBUL _p38.00 _r0 _sY _tBOOK _u19790426 _xTEOLOGIA _PP35 _0COMPRA _o.STAFF. Colección Teología |
||
| 994 |
_aC0 _bPEPRU |
||
| 596 | _a1 4 | ||
| 999 |
_a286.7 R32 _wDEWEY _c16500 _i06060 _f2021-11-11 _g6 _lCCODEBUL1 _mBUL _p38.00 _r0 _sY _tBOOK _u2015-6-17 _xTEOLOGIA _PP35 _0COMPRA _o.STAFF. Colección Teología _d16500 |
||
| 999 |
_a286.7 R32 _wDEWEY _c1 _iCW64377 _f2021-12-22 _g2 _lCCODECWL1 _mBWL _p20.00 _r0 _sY _tBOOK _u2018-5-25 _xWHITE _o.STAFF. Centro White |
||
| 999 |
_a286.7 R32 _wDEWEY _c2 _iCW66969 _f2021-12-22 _g2 _lCCODECWL1 _mBWL _p20.00 _r0 _sY _tBOOK _u2018-5-25 _xWHITE _o.STAFF. Centro White |
||
| 980 |
_81 _gALBERTO SANCHEZ Responsable de Automatización |
||